<?xml version="1.0" encoding="UTF-8"?>
<record
    xmlns:xsi="http://www.w3.org/2001/XMLSchema-instance"
    xsi:schemaLocation="http://www.loc.gov/MARC21/slim http://www.loc.gov/standards/marcxml/schema/MARC21slim.xsd"
    xmlns="http://www.loc.gov/MARC21/slim">

  <leader>02596nam a2200397 i 4500</leader>
  <controlfield tag="003">DO-SdBNP</controlfield>
  <controlfield tag="005">20250609095542.0</controlfield>
  <controlfield tag="007">ta</controlfield>
  <controlfield tag="008">250514b2024    dr a|||| |||| 00| 0 spa d</controlfield>
  <datafield tag="020" ind1=" " ind2=" ">
    <subfield code="a">9789945510829</subfield>
  </datafield>
  <datafield tag="040" ind1=" " ind2=" ">
    <subfield code="a">DO-SdBNP</subfield>
    <subfield code="b">spa</subfield>
    <subfield code="c">BNPHU</subfield>
    <subfield code="e">rda</subfield>
  </datafield>
  <datafield tag="041" ind1=" " ind2=" ">
    <subfield code="a">spa</subfield>
  </datafield>
  <datafield tag="082" ind1=" " ind2="4">
    <subfield code="a">781.64</subfield>
    <subfield code="b">H971t</subfield>
    <subfield code="2">22</subfield>
  </datafield>
  <datafield tag="100" ind1=" " ind2=" ">
    <subfield code="a">Hutchinson, Sydney,</subfield>
    <subfield code="e">autor</subfield>
    <subfield code="4">aut.</subfield>
    <subfield code="9">2301</subfield>
  </datafield>
  <datafield tag="240" ind1="1" ind2="0">
    <subfield code="a">Tigers of a different stripe: performing gender in dominican. </subfield>
    <subfield code="l">Espa&#xF1;ol</subfield>
  </datafield>
  <datafield tag="245" ind1="1" ind2="0">
    <subfield code="a">Tigres de otro pelaje : </subfield>
    <subfield code="b">interpretando el g&#xE9;nero en la m&#xFA;sica dominicana /</subfield>
    <subfield code="c">Sydney Hutchinson ; traducci&#xF3;n revisa por Rossy D&#xED;az, Mar&#xED;a del Carmen Vicente ; correcci&#xF3;n de Apolinar Liz Rodr&#xED;guez, Modesto Cuesta, Mar&#xED;a del Carmen Vicente</subfield>
  </datafield>
  <datafield tag="250" ind1=" " ind2=" ">
    <subfield code="a">Primera edici&#xF3;n </subfield>
  </datafield>
  <datafield tag="264" ind1=" " ind2="4">
    <subfield code="a">Santo Domingo :</subfield>
    <subfield code="b">Ministerio de Cultura de la Rep&#xFA;blica Dominicana : </subfield>
    <subfield code="b">Editora Nacional,</subfield>
    <subfield code="c">&#xA9;2024.</subfield>
  </datafield>
  <datafield tag="300" ind1=" " ind2=" ">
    <subfield code="a">389 p&#xE1;ginas :</subfield>
    <subfield code="b">ilustraciones ;</subfield>
    <subfield code="c">23 cm.</subfield>
  </datafield>
  <datafield tag="336" ind1=" " ind2=" ">
    <subfield code="a">texto</subfield>
    <subfield code="b">txt</subfield>
    <subfield code="2">rdacontent</subfield>
  </datafield>
  <datafield tag="337" ind1=" " ind2=" ">
    <subfield code="a">sin mediaaci&#xF3;n</subfield>
    <subfield code="b">n</subfield>
    <subfield code="2">rdamedia</subfield>
  </datafield>
  <datafield tag="338" ind1=" " ind2=" ">
    <subfield code="a">volumen</subfield>
    <subfield code="b">nc</subfield>
    <subfield code="2">rdacarrier</subfield>
  </datafield>
  <datafield tag="500" ind1=" " ind2=" ">
    <subfield code="a">Incluye datos biogr&#xE1;ficos del autor en la solapa de la cubierta</subfield>
  </datafield>
  <datafield tag="500" ind1=" " ind2=" ">
    <subfield code="a">Traducci&#xF3;n de: Tigers of a different stripe: performing gender in dominican music del ingl&#xE9;s.</subfield>
  </datafield>
  <datafield tag="504" ind1=" " ind2=" ">
    <subfield code="a">Bibliograf&#xED;a: p&#xE1;ginas 369-389.</subfield>
  </datafield>
  <datafield tag="505" ind1=" " ind2=" ">
    <subfield code="a">Presentaci&#xF3;n primera edici&#xF3;n en espa&#xF1;ol / </subfield>
    <subfield code="r">Dar&#xED;o Tejeda, 11 --</subfield>
    <subfield code="t">Agradecimientos, 17 --</subfield>
    <subfield code="t">Introducci&#xF3;n, 21 --</subfield>
    <subfield code="g">Cap&#xED;tulo 1. </subfield>
    <subfield code="t">Una historia con (y del) genero sexual, 61 --</subfield>
    <subfield code="g">Cap&#xED;tulo 2. </subfield>
    <subfield code="t">Tatico siempre, 103 --</subfield>
    <subfield code="g">Cap&#xED;tulo 3.</subfield>
    <subfield code="t">Fefita la Grande, 145 --</subfield>
    <subfield code="g">Cap&#xED;tulo 4. </subfield>
    <subfield code="t">Filosof&#xED;a de calle: un tigueraje transnacional, 187 --</subfield>
    <subfield code="g">Cap&#xED;tulo 5. </subfield>
    <subfield code="t">Merengue, bachata y reguet&#xF3;n travestidos, 237 --</subfield>
    <subfield code="g">Cap&#xED;tulo 6. </subfield>
    <subfield code="t">Escuchando &#xAB;de lao&#xBB;: la obra transg&#xE9;nero y transgen&#xE9;rica de Rita Indiana, 273 --</subfield>
    <subfield code="g">Cap&#xED;tulo 7. </subfield>
    <subfield code="t">Despacho desde una isla imaginaria, 325 --</subfield>
    <subfield code="t">Ap&#xE9;ndice A. M&#xFA;sicas dominicanas mencionadas en este libro, 337 --</subfield>
    <subfield code="t">Ap&#xE9;ndice B. Comparaci&#xF3;n de los botaos de dos acordeonistas, 345 --</subfield>
    <subfield code="t">Ap&#xE9;ndice C. An&#xE1;lisis de movimientos y gestos de Fefita la Grande interpretando &#xAB;La chiflera&#xBB;, 357 --</subfield>
  </datafield>
  <datafield tag="590" ind1=" " ind2=" ">
    <subfield code="a">Inventariado, 2025/BT</subfield>
  </datafield>
  <datafield tag="650" ind1=" " ind2="4">
    <subfield code="a">M&#xFA;sica popular</subfield>
    <subfield code="z">Rep&#xFA;blica Dominicana</subfield>
    <subfield code="9">1323</subfield>
  </datafield>
  <datafield tag="700" ind1="1" ind2=" ">
    <subfield code="a">D&#xED;az, Rossy,</subfield>
    <subfield code="e">traductor</subfield>
    <subfield code="4">tr.</subfield>
    <subfield code="9">70108</subfield>
  </datafield>
  <datafield tag="700" ind1="1" ind2=" ">
    <subfield code="a">Rodr&#xED;guez, Apolinar Liz,</subfield>
    <subfield code="e">corrector</subfield>
    <subfield code="4">corr.</subfield>
    <subfield code="9">87319</subfield>
  </datafield>
  <datafield tag="700" ind1="1" ind2=" ">
    <subfield code="a">Vicente, Mar&#xED;a del Carmen, </subfield>
    <subfield code="e">traductor, editor literario.</subfield>
    <subfield code="4">tr.</subfield>
    <subfield code="9">57201</subfield>
  </datafield>
  <datafield tag="700" ind1="1" ind2=" ">
    <subfield code="a">Cuesta, Modesto,</subfield>
    <subfield code="e">editor</subfield>
    <subfield code="4">ed.</subfield>
    <subfield code="9">3209</subfield>
  </datafield>
  <datafield tag="700" ind1="1" ind2=" ">
    <subfield code="a">Liz Rodr&#xED;guez, Apolinar, </subfield>
    <subfield code="e">editor</subfield>
    <subfield code="4">ed.</subfield>
    <subfield code="9">84877</subfield>
  </datafield>
  <datafield tag="910" ind1=" " ind2=" ">
    <subfield code="a">Btav&#xE1;rez. Validado. Control de Calidad/ MAA</subfield>
  </datafield>
  <datafield tag="942" ind1=" " ind2=" ">
    <subfield code="2">ddc</subfield>
    <subfield code="c">LBS1</subfield>
  </datafield>
  <datafield tag="952" ind1=" " ind2=" ">
    <subfield code="0">0</subfield>
    <subfield code="1">0</subfield>
    <subfield code="2">ddc</subfield>
    <subfield code="5">1</subfield>
    <subfield code="7">0</subfield>
    <subfield code="8">PD</subfield>
    <subfield code="a">BNPHU</subfield>
    <subfield code="b">BNPHU</subfield>
    <subfield code="c">HD</subfield>
    <subfield code="d">2024-11-15</subfield>
    <subfield code="e">Dep&#xF3;sito Legal</subfield>
    <subfield code="l">0</subfield>
    <subfield code="o">BNPHU PD 781.63 H971t</subfield>
    <subfield code="p">2025-1424</subfield>
    <subfield code="r">2025-03-05</subfield>
    <subfield code="w">2025-03-05</subfield>
    <subfield code="y">LBS1</subfield>
  </datafield>
  <datafield tag="952" ind1=" " ind2=" ">
    <subfield code="0">0</subfield>
    <subfield code="1">0</subfield>
    <subfield code="2">ddc</subfield>
    <subfield code="5">1</subfield>
    <subfield code="7">0</subfield>
    <subfield code="8">PD</subfield>
    <subfield code="a">BNPHU</subfield>
    <subfield code="b">BNPHU</subfield>
    <subfield code="c">CT</subfield>
    <subfield code="d">2024-11-15</subfield>
    <subfield code="e">Dep&#xF3;sito Legal</subfield>
    <subfield code="l">0</subfield>
    <subfield code="o"> BNPHU PD </subfield>
    <subfield code="p">2025-1425</subfield>
    <subfield code="r">2025-03-05</subfield>
    <subfield code="t">e.2</subfield>
    <subfield code="w">2025-07-14</subfield>
    <subfield code="y">LBS1</subfield>
  </datafield>
  <datafield tag="952" ind1=" " ind2=" ">
    <subfield code="0">0</subfield>
    <subfield code="1">0</subfield>
    <subfield code="2">ddc</subfield>
    <subfield code="5">6</subfield>
    <subfield code="7">0</subfield>
    <subfield code="8">DS</subfield>
    <subfield code="a">BNPHU</subfield>
    <subfield code="b">BNPHU</subfield>
    <subfield code="c">CT</subfield>
    <subfield code="d">2024-11-15</subfield>
    <subfield code="e">Dep&#xF3;sito Legal</subfield>
    <subfield code="l">0</subfield>
    <subfield code="o"> BNPHU DS </subfield>
    <subfield code="p">2025-1426</subfield>
    <subfield code="r">2025-03-05</subfield>
    <subfield code="t">e.3</subfield>
    <subfield code="w">2025-07-14</subfield>
    <subfield code="y">LBS1</subfield>
  </datafield>
  <datafield tag="999" ind1=" " ind2=" ">
    <subfield code="c">58301</subfield>
    <subfield code="d">58301</subfield>
  </datafield>
</record>
